| 000 | 01649nam0a2200337 4500 | ||
|---|---|---|---|
| 001 | RU\NLR\BIBL_A\011778940 | ||
| 005 | 20201128162339.0 | ||
| 010 |
_a978-5-7749-1358-9 _9100 |
||
| 021 |
_aRU _bКН-П-18-052800 _9КН-П-18-3799 |
||
| 035 | _a(NLR Aleph) 011778940 | ||
| 035 | _a(RuMoRGB)009691274 | ||
| 090 |
_a11766003 _c11766003 |
||
| 100 | _a20180829d2018 k y0rusy50 ca | ||
| 101 | 0 | _aeng | |
| 102 | _aRU | ||
| 105 | _ay j 000zy | ||
| 200 | 1 |
_aPractice oral exam guide to business higher (C1) _ebenchmark advanced _e[учебное пособие] _fРАНХиГС, Российская академия народного хозяйства и государственной службы при Президенте Российской Федерации _g[Дерик Мартин и др.] |
|
| 210 |
_aМосква _cДело _d2018 |
||
| 215 |
_a106 с. _d21 |
||
| 320 | _aБиблиогр.: с. 106 | ||
| 606 | 1 |
_aАнглийский язык _xЗнания _xОценка _xТесты _xВысшие экономические учебные заведения _jУчебные издания _2nlr_sh2 _3RU\NLR\AUTH\6601645200 |
|
| 610 | 0 | _aанглийский язык - тесты | |
| 610 | 0 | _aуправление бизнесом | |
| 686 | 1 | _aЧ486.179Ан2(2)-284я7 | |
| 702 | 1 |
_aMartin _bD. _gDerik _4220 |
|
| 712 | 0 | 2 |
_aРоссийская академия народного хозяйства и государственной службы _3RU\NLR\AUTH\8810174408 _4570 |
| 942 | _cBOOK | ||
| 980 | _aNB | ||